00992aam a2200265 i 4500999001500000001001900015003000400034005001700038008004100055017004000096020001800136040002700154080001800181245014200199264004200341300005500383650002900438650003300467700002700500700003300527908001800560940000900578942001300587952012600600 c7861d7861991061046971306706OSt20240215165804.0231124s2023 sp a 000 0 spa|c aDL V 3194-2023bOficina DL Valencia a9788411830270 aES-ViUbcaterdacCDMR a070:0042200400aManual de nuevos formatos y narrativas para el periodismo y la no ficción /cSusana Herrera Damas, José Luis Rojas Torrijos, editores 1aValencia :bTirant humanidades,c2023 a330 pàgines :bil·lustracions en color ;c22 cm 093076aPeriodisme digital 094931aNarrativa transmèdia1 aHerrera Damas, Susana,1 aRojas Torrijos, José Luis, aUVic-UCCaUAB aCVA2 2udccMON 00104070aCDMRbCDMRd2024-02-15eDonacióg27.90l2m2oCs /36pCDMR24020008r2024-05-29s2024-04-15w2024-02-15yMON